000 01131nam a22003017i 4500
003 EG-GICUC
005 20260121101554.0
008 251231s1958 sz ||||fr|||| 001 0 ger d
040 _aEG-GiCUC
_cEG-GiCUC
_dEG-GiCUC
_erda
_bger
041 _ager
082 0 4 _221
_a341.804904
_bSC . H
092 0 4 _221
099 _aLaw1 12 341.804904 SC . H 4 ed - 1958
100 1 _aSchnitzer, Adolf F.,
_eAuthor.
245 1 0 _aHandbuch des internationalen Privatrechts :
_beinschliesslich Prozessrecht : unter besonderer Berücksichtigung der schweizerischen Gesetzgebung und Rechtsprechung.
_nBand II /
_cvon Adolf F. Schnitzer.
250 _aVierte Auflage
_bneubearbeitete
264 1 _aBasel :
_bVerlag Für Recht und Gesellschaft,
_c1958.
300 _a1072 pages ;
_c24 cm.
336 _2rda content
_atext
337 _2rda media
_aComputer
338 _2rda carrier
_aOnline Resource
504 _aIncludes Bibliographic references.
546 _a Text in German
650 1 4 _aInternationales Privatrecht
_zSchweiz
856 4 0 _uhttps://fll.law.cu.edu.eg/fulltext/bks/B12-01757.pdf
905 _a75
942 _2ddc
_cBK
_e21
_n0
999 _c53396
_d53396